=LDR 00000nam 2200000 4500 =001 000352 =005 20250710024940 =035 ##$$a 0010-0725000208 =007 ta =008 250710################a##########0#ind## =020 ##$$a 978-623-118-822-9 =082 ##$$a 398.209 598 =084 ##$$a 398.209 598 SAI b =100 #$$a Saifira, Khasnau =245 1#$$a Biji Jambu Mete /$c Khasnau Saifira =250 ##$$a cetakan kedua =260 ##$$a Jakarta Timur :$b Badan pengembangan dan pembinaan bahasa,$c 2023 =300 ##$$a 36 hlm. : $b ilus. ; $c 29,7 cm$e 398.209 598 =650 #4$$a Cerita Anak-Indonesia =856 ##$$a TBM As Suhada =990 ##$$a TBM00680068